zpět

Detail výsledku týmu

Kentaur ST, Brno

Datum a čas kvízu

15 Celkem bodů Celkový počet nahraných bodů na tomto kvízu bez doplňovacích otázek.
5. Pořadí na kvízu Konečné umístění týmu na tomto kvízu.

Zaznamenané odpovědi

# Otázka Odpověď Body Výsledky
1. Manželka známého zločince se s... 0
2. Jihokorejec Kim Čong-jang byl... 1
3. Tři ženy v galerii mezinárodní... 1
4. Řada čínských e-shopů stáhla z... 1
5. Koncovka bitvy o titul nemohla... 1
6. Nedávno jsme zde probírali tém... 0
5. Tato šedě růžová laločnatá žlá... 0
5. Jak se česky nazývá céva, ozna... 0
5. Která z těchto částí trávicí s... 0
5. Ledviny slouží k odstranění ne... 0